[Event "San Copiapo"]
[Site "San Copiapo"]
[Date "1992.??.??"]
[Round "3"]
[White "Valiente, Cristobal"]
[Black "Bombardiere Rosas, Eduardo"]
[Result "1/2-1/2"]
[WhiteElo "2345"]
[BlackElo "2265"]

1.c4 c6 2.e4 d5 3.exd5 cxd5 4.d4 Nf6 5.Nc3 e6 6.Nf3 Be7 7.cxd5 exd5 8.h3 O-O
9.Bd3 Ne4 10.O-O Nxc3 11.bxc3 Nd7 12.Re1 Nf6 13.Qb3 b6 14.a4 Bb7 15.a5 Ne4
16.a6 Bc8 17.Ne5 Bh4 18.Bxe4 dxe4 19.Rxe4 Be6 20.Qd1 Bd5 21.Rf4 Bg5 22.Rf5 Bxc1
23.Qxc1 f6 24.Ng4 Rc8 25.Ne3 Bf7  1/2-1/2

[Event "Sitges op"]
[Site "Sitges"]
[Date "1992.??.??"]
[Round "5"]
[White "Suba, Mihai"]
[Black "Kuijf, Marinus"]
[Result "1-0"]
[WhiteElo "2520"]
[BlackElo "2440"]

1.c4 c6 2.e4 d5 3.exd5 cxd5 4.d4 Nf6 5.Nc3 Nc6 6.Bg5 dxc4 7.d5 Ne5 8.Qd4 h6
9.Bh4 Ng6 10.Bxf6 gxf6 11.Bxc4 Bg7 12.Bb5+ Kf8 13.Nge2 Qd6 14.O-O-O f5 15.Qd2 a6
16.Ba4 b5 17.Bb3 Bd7 18.Nd4 a5 19.Kb1 a4 20.Bc2 b4 21.Nce2 b3 22.axb3 a3
23.Bxf5 axb2 24.Bxd7 Ra1+ 25.Kc2 Ra2 26.Rb1 Qxd7 27.Nc3 Ra8 28.Kxb2 Qg4 29.Rhd1 Qxg2
30.Ra1 Rxa1 31.Rxa1 Kg8 32.Ra8+ Kh7 33.Rxh8+ Bxh8 34.Nf5 Qh3 35.Ne3 Qxh2
36.b4 Qf4 37.Kb3 h5 38.b5 h4 39.b6 h3 40.d6 h2 41.d7 h1=Q 42.d8=Q Bxc3 43.Qxc3 Qxf2
44.Qdd3  1-0

[Event "Alekhine op"]
[Site "Smolensk"]
[Date "1992.??.??"]
[Round "2"]
[White "Mitenkov, Alexey"]
[Black "Filipenko, Alexander V"]
[Result "1/2-1/2"]
[WhiteElo "2420"]
[BlackElo "2390"]

1.c4 c6 2.e4 d5 3.exd5 cxd5 4.cxd5 Nf6 5.Nc3 Nxd5 6.Nf3 Nc6 7.d4 Bg4 8.Qb3 Bxf3
9.gxf3 e6 10.Qxb7 Nxd4 11.Bb5+ Nxb5 12.Qxb5+ Qd7 13.Qxd7+ Kxd7 14.Nxd5 exd5
15.Be3 Bb4+ 16.Ke2 Rhc8 17.Rac1 Bd6 18.h3 Be5 19.b3 a5 20.Rxc8 Rxc8 21.Rc1 Rxc1
22.Bxc1 Bd6 23.Bb2 g6 24.Kd3 Kc6 25.Bc3 Bb4 26.a3 Bxa3 27.Bxa5 Bc5 28.Ke2 h5
29.Bd2 Kb5 30.f4 f5 31.f3 Be7 32.Kd3 Bf6 33.Bc3 Bd8  1/2-1/2

[Event "FRA-ch"]
[Site "Strasbourg"]
[Date "1992.??.??"]
[Round "2"]
[White "Cerisier, Philippe"]
[Black "Renet, Olivier"]
[Result "0-1"]
[WhiteElo "2315"]
[BlackElo "2530"]

1.c4 c6 2.e4 d5 3.exd5 cxd5 4.cxd5 Nf6 5.Nc3 Nxd5 6.d4 Nc6 7.Nf3 e6 8.Bd3 Bb4
9.Qb3 Qb6 10.O-O Bxc3 11.Qxb6 axb6 12.bxc3 Nxc3 13.Bd2 Nd5 14.Bc4 O-O 15.Rfb1 Rd8
16.Rb2 h6 17.h3 Nce7 18.Re1 Bd7 19.Bb4 Nxb4 20.Rxb4 Bc6 21.Ne5 Bd5 22.Re2 Bxc4
23.Rxc4 Rdc8 24.Rb2 Nd5 25.g3 f6 26.Rxc8+ Rxc8 27.Nd3 Rc4 28.Nf4 Nxf4 29.gxf4 Rc6
30.Rb5 Rd6 31.f5 exf5 32.d5 f4 33.Kf1 Kf7 34.Ke2 Kg6 35.Kd3 Kf5 36.Kd4 g5
37.f3 h5 38.Rb1 b5 39.Kc5 Ra6 40.Rb2 Ra3 41.d6 Rxf3 42.Rxb5 Rd3 43.Rxb7 g4
44.hxg4+ hxg4 45.Rb1 f3 46.a4 f2 47.Rf1 g3 48.a5 Ke6  0-1

[Event "Subotica Palic"]
[Site "Subotica"]
[Date "1992.??.??"]
[Round "?"]
[White "Kostic, Nebojsa"]
[Black "Drasko, Milan"]
[Result "1/2-1/2"]
[WhiteElo "2390"]
[BlackElo "2525"]

1.c4 c6 2.Nc3 d5 3.cxd5 cxd5 4.d4 Nf6 5.Bf4 Nc6 6.e3 e6 7.Bd3 Bd6 8.Bxd6 Qxd6
9.Nf3 O-O 10.O-O Bd7 11.Bb5 Rfc8 12.Bxc6 Bxc6 13.Ne5 Rc7 14.Rc1 Nd7 15.Nxc6 Rxc6
16.Qd2 Rac8 17.Ne2 b6 18.Rxc6 Qxc6 19.Qc3 Qxc3 20.Nxc3  1/2-1/2

[Event "Suhr op"]
[Site "Suhr"]
[Date "1992.??.??"]
[Round "4"]
[White "Jurek, Josef"]
[Black "Shabalov, Alexander"]
[Result "0-1"]
[WhiteElo "2315"]
[BlackElo "2535"]

1.c4 c6 2.Nc3 d5 3.d4 e5 4.e3 e4 5.Bd2 Nf6 6.Nge2 Na6 7.cxd5 Nb4 8.Nf4 g5
9.a3 gxf4 10.axb4 fxe3 11.fxe3 Nxd5 12.Nxd5 Qxd5 13.Qc2 Be6 14.Ra5 b5 15.Ra6 Kd7
16.g3 Bd6 17.Bg2 f5 18.O-O Rhc8 19.g4 Rc7 20.Be1 Rg8 21.gxf5 Bxf5 22.Kh1 Kc8
23.Bh4 Kb8 24.Bf6 Qe6 25.Be5 Bxe5 26.dxe5 Rxg2 27.Qxg2 Bh3 28.Qf2 Bxf1 29.Qxf1 Qxe5
30.Qf4 Qxf4 31.exf4 Kb7 32.Ra3 Rf7 33.Rh3 Kb6 34.Rh4 e3 35.Kg2 e2 36.Kf2 Re7
37.Ke1 Re4 38.Rxh7 Rxf4 39.Re7 Rxb4 40.Rxe2 a5 41.h3 a4 42.Kd1 Rh4 43.Re3 b4
44.Kc2 Kb5 45.Rg3 c5 46.Rf3 Rc4+ 47.Kb1 Re4 48.Rf1 Kc4 49.Rh1 Kb3 50.h4 c4
51.h5 Re2 52.h6 Rxb2+ 53.Ka1 Ra2+ 54.Kb1 c3 55.Rh3 Rb2+ 56.Ka1 Rg2 57.Rh1 Ra2+  0-1

[Event "Sweden"]
[Site "Sweden"]
[Date "1992.??.??"]
[Round "?"]
[White "Hultin, Johan"]
[Black "Ronneland, Daniel"]
[Result "0-1"]
[WhiteElo "2225"]
[BlackElo "2275"]

1.c4 c6 2.e4 d5 3.exd5 cxd5 4.cxd5 Nf6 5.Nc3 Nxd5 6.d4 e6 7.Nf3 Be7 8.Bd3 O-O
9.O-O Nc6 10.a3 Bf6 11.Be4 Nce7 12.Ne5 Qd6 13.Re1 Bd7 14.Ng4 Bc6 15.Bc2 Ng6
16.Ne4 Qd8 17.Ngxf6+ Nxf6 18.Bg5 Bxe4 19.Bxe4 Qb6 20.Bxf6 gxf6 21.Re3 Rad8
22.Rh3 f5 23.Qh5 Kg7 24.Bf3 Qxd4 25.Re1 Qd2 26.Rd1 Qf4 27.Rxd8 Rxd8 28.g3 Qc1+
29.Kg2 h6 30.Bxb7 Rd1 31.Qe2 Rg1+ 32.Kf3 Qg5  0-1

[Event "Sweden"]
[Site "Sweden"]
[Date "1992.??.??"]
[Round "?"]
[White "Andersson, Tor"]
[Black "Ronneland, Daniel"]
[Result "0-1"]
[WhiteElo "2215"]
[BlackElo "2275"]

1.c4 c6 2.e3 d5 3.Nf3 Nf6 4.b3 Bf5 5.Bb2 e6 6.cxd5 exd5 7.Be2 Nbd7 8.d3 Bd6
9.Nbd2 O-O 10.O-O h6 11.Re1 Qc7 12.Rc1 Rad8 13.Nf1 Bh7 14.Nd4 a6 15.a3 c5
16.b4 Qb6 17.Nb3 cxb4 18.Bd4 Qb5 19.a4 Qxa4 20.Ba7 Ne5 21.f4 Ng6 22.Ng3 Ne7
23.Bd4 Ne8 24.Ra1 Qd7 25.Qd2 Nc6 26.Bb6 Nc7 27.Bf3 Ne7 28.Nd4 Rc8 29.e4 dxe4
30.dxe4 Na8 31.Ba7 b6 32.Rxa6 Bc5 33.Ne2 Nc6 34.Rd1 Rfd8  0-1

[Event "Tastrup"]
[Site "Tastrup"]
[Date "1992.??.??"]
[Round "?"]
[White "Chernin, Alexander"]
[Black "Hector, Jonny"]
[Result "0-1"]
[WhiteElo "2620"]
[BlackElo "2535"]

1.c4 c6 2.Nf3 d5 3.e3 Nf6 4.Nc3 e6 5.Qc2 Bd6 6.d4 O-O 7.Be2 Qe7 8.O-O e5
9.dxe5 Bxe5 10.cxd5 cxd5 11.b3 Nc6 12.Bb2 Bb8 13.Rad1 Rd8 14.Rd2 h6 15.Rfd1 Be6
16.g3 a6 17.e4 Nb4 18.Qb1 Ba7 19.a3 dxe4 20.Nxe4 Nbd5 21.Nd4 Bh3 22.Bf3 Rd7
23.Ne2 Re8 24.Nxf6+ Nxf6 25.Rxd7 Bxf2+ 26.Kh1 Bxd7 27.Nf4 Bg4 28.Qd3 Be3
29.Rf1 Bxf3+ 30.Rxf3 Ng4 31.Nd5 Qe6 32.Bxg7 Kxg7 33.Nc7 Nf2+ 34.Rxf2 Qc6+  0-1

[Event "Tastrup"]
[Site "Tastrup"]
[Date "1992.??.??"]
[Round "?"]
[White "Gurevich, Mikhail"]
[Black "Hector, Jonny"]
[Result "1-0"]
[WhiteElo "2635"]
[BlackElo "2535"]

1.c4 c6 2.e4 e5 3.Nf3 Qa5 4.Be2 f5 5.exf5 e4 6.Ng5 Qxf5 7.d3 Bb4+ 8.Nc3 exd3
9.Bxd3 Qe5+ 10.Be3 Nf6 11.O-O O-O 12.Nce4 Nxe4 13.Bxe4 h6 14.Bh7+ Kh8 15.Bc2 d5
16.Qh5 Bd6 17.g3 Qf6 18.Nh7 Qf3 19.Qh4 Nd7 20.Bxh6 Kg8 21.Ng5 Be7 22.Bxg7  1-0

[Event "Tomo Zupan op"]
[Site "Tomo Zupan"]
[Date "1992.??.??"]
[Round "?"]
[White "Rabic, Drago"]
[Black "Sorli, Maja"]
[Result "1-0"]
[WhiteElo "1850"]
[BlackElo "1850"]

1.c4 c6 2.Nf3 d5 3.b3 Bf5 4.Nc3 Nf6 5.d3 e6 6.Qc2 Nbd7 7.g3 d4 8.Nxd4 Bg6
9.Bb2 Ng4 10.h3 Nge5 11.O-O-O Nc5 12.Ne4 Nxe4 13.dxe4 Qa5 14.f4 Qxa2 15.fxe5 Be7
16.e3 O-O-O 17.Bg2 Rd7 18.Ne2 Rhd8 19.Rxd7 Rxd7 20.Rd1 Bc5 21.Nd4 Ba3 22.Bxa3 Qxa3+
23.Qb2 Qxb2+ 24.Kxb2 c5 25.Bf3 cxd4 26.exd4 Kc7 27.Kc3 Kc6 28.Ra1 b6 29.b4 h6
30.d5+ Kb7 31.c5 Kb8 32.Kd4 Bh7 33.d6 bxc5+ 34.bxc5 Kb7 35.Bd1  1-0

[Event "Villa Ballester op"]
[Site "Villa Ballester"]
[Date "1992.??.??"]
[Round "7"]
[White "Scarella, Enrique"]
[Black "Sakurai, Leonardo"]
[Result "1-0"]
[WhiteElo "2255"]
[BlackElo "2310"]

1.c4 c6 2.e4 d5 3.exd5 cxd5 4.cxd5 Nf6 5.Bb5+ Bd7 6.Bc4 b5 7.Bb3 Na6 8.Nf3 Nb4
9.Ne5 Bg4 10.Nxg4 Nd3+ 11.Kf1 Nxg4 12.Qxg4 Nxc1 13.Bc2 Qxd5 14.Nc3 Qxd2 15.Qd1 Qxd1+
16.Nxd1 Nxa2 17.Rxa2 e6 18.Be4 O-O-O 19.Ke2 Kb8 20.Nc3 b4 21.Nb5 Bc5 22.Rc1 Bb6
23.Rc6 Bd4 24.Rc7 f5 25.Bc6  1-0

[Event "Warsaw op"]
[Site "Warsaw"]
[Date "1992.??.??"]
[Round "10"]
[White "Vaulin, Alexander"]
[Black "Dragomarezkij, Evgeni"]
[Result "1/2-1/2"]
[WhiteElo "2520"]
[BlackElo "2435"]

1.c4 c6 2.e4 d5 3.exd5 cxd5 4.cxd5 Qxd5 5.Nc3 Qd6 6.d4 e6 7.Nf3 Nf6 8.Bc4 Be7
9.O-O Nc6 10.Nb5 Qd8 11.Bf4 O-O 12.Bc7 Qd7 13.Ne5 Nxe5 14.dxe5 Ne8 15.Ba5 b6
16.Bc3 a6 17.Nd4 Bb7 18.Nf5 Qc7 19.Nxe7+ Qxe7 20.Qd4 b5 21.Be2 Nc7 22.Bb4 Qg5
23.g3 Rfd8 24.Bd6 Ne8 25.f4 Qf5 26.Bf3 Bxf3 27.Rxf3 Nxd6 28.exd6 Rac8 29.Rd1 Qc5
30.Rc3 Qxd4+ 31.Rxd4 Kf8 32.Rc7 Rb8 33.Rc6 a5 34.Rd2 Ke8 35.Kf2 b4 36.Ke3 Rb5
37.b3 Rd7 38.Rd4 h5 39.Kd3 Rf5 40.Kc4 Rb7 41.Rc7 Rb8 42.h3 g5 43.fxg5 Rxg5
44.g4 hxg4 45.Rxg4 Rbb5 46.Rxg5 Rxg5 47.Rc5 f5 48.Rc7 Rg2 49.Re7+ Kd8 50.Rxe6 Kd7
51.Rf6 Rxa2 52.Rxf5  1/2-1/2

[Event "Hoogovens-B"]
[Site "Wijk aan Zee"]
[Date "1992.??.??"]
[Round "8"]
[White "Tukmakov, Vladimir B"]
[Black "Kuijf, Marinus"]
[Result "1-0"]
[WhiteElo "2535"]
[BlackElo "2440"]

1.c4 c6 2.e4 d5 3.exd5 cxd5 4.cxd5 Nf6 5.Bb5+ Nbd7 6.Nc3 a6 7.Bxd7+ Qxd7
8.Nf3 Qg4 9.g3 g6 10.d3 Bg7 11.Be3 O-O 12.h3 Qd7 13.Qb3 b5 14.Ne5 Qb7 15.Nc6 e6
16.Rc1 exd5 17.Nd4 Re8 18.Kd2 h5 19.Rc2 Nd7 20.Nce2 Ne5 21.Rhc1 Bxh3 22.Nf4 Bg4
23.Rc7 Qb6 24.Nxd5 Qxd4 25.Bxd4 Nf3+ 26.Kc3 Nxd4 27.Nf6+ Kh8 28.Qxf7 Ne6
29.Qxg6  1-0

[Event "Hoogovens-B"]
[Site "Wijk aan Zee"]
[Date "1992.??.??"]
[Round "10"]
[White "Winants, Luc"]
[Black "Kuijf, Marinus"]
[Result "0-1"]
[WhiteElo "2515"]
[BlackElo "2440"]

1.c4 c6 2.Nf3 d5 3.b3 Bg4 4.Bb2 e6 5.d3 Nd7 6.Nbd2 Ngf6 7.g3 Bxf3 8.Nxf3 Bb4+
9.Nd2 Nc5 10.Bg2 Qa5 11.Qc2 dxc4 12.bxc4 O-O-O 13.Bc1 Nxd3+ 14.exd3 Qe5+
15.Kf1 Qxa1 16.Nb3 Qe5 17.Bf3 Qf5 18.Be2 h5 19.h3 Bd6 20.Kg2 Bc7 21.Be3 Bb6
22.Bxb6 axb6 23.Rb1 h4 24.g4 Qe5 25.Nc1 Nd7 26.Bf3 f5 27.gxf5 exf5 28.Ne2 g5
29.d4 Qf6 30.Kh1 g4 31.hxg4 fxg4 32.Bxg4 Qxf2 33.Rxb6 h3 34.Qe4 Qg2+ 35.Qxg2 hxg2+
36.Kg1 Rdg8 37.Bxd7+ Kc7 38.c5 Rh1+ 39.Kf2 Rf1+ 40.Ke3 Re1  0-1

[Event "Oberliga Wuert9192"]
[Site "Wuerttemberg"]
[Date "1992.??.??"]
[Round "?"]
[White "Knoedler, Dieter"]
[Black "Jurek, Josef"]
[Result "1-0"]
[WhiteElo "2245"]
[BlackElo "2315"]

1.c4 c6 2.Nf3 d5 3.g3 Nf6 4.Bg2 dxc4 5.Qc2 b5 6.a4 Bb7 7.Na3 a6 8.b3 cxb3
9.Qxb3 Nbd7 10.axb5 axb5 11.O-O e6 12.Bb2 Be7 13.Rfc1 O-O 14.Nd4 Nc5 15.Qc2 Nd5
16.Nb1 Na4 17.Bc3 Qb6 18.e4 Ndxc3 19.dxc3 c5 20.Nf3 c4 21.Nbd2 Bc5 22.Nf1 Rfd8
23.Rd1 Rd3 24.Ne5 Rxc3 25.Qd2 Rb3 26.Qf4 Rf8 27.Nd7 Qa7 28.Nxf8 Bxf8 29.Rd7 f6
30.e5 Nc3 31.Rxa7 Ne2+ 32.Kh1 Bxg2+ 33.Kxg2 Nxf4+ 34.gxf4 c3 35.Ra8 c2 36.Rc8 Rb2
37.Ne3 fxe5 38.fxe5 h6 39.Rdd8 b4 40.Rxf8+  1-0

[Event "Wuerzburg op"]
[Site "Wuerzburg"]
[Date "1992.??.??"]
[Round "?"]
[White "Reschke, Stefan"]
[Black "Haba, Petr"]
[Result "0-1"]
[WhiteElo "2325"]
[BlackElo "2515"]

1.c4 c6 2.b3 d5 3.Bb2 Bf5 4.Nf3 e6 5.g3 h6 6.Bg2 Nf6 7.O-O Be7 8.d3 O-O 9.Nbd2 Nbd7
10.Qc2 Bh7 11.e4 dxe4 12.Nxe4 Nxe4 13.dxe4 Nc5 14.Rad1 Qb6 15.Ne5 Rad8 16.Bd4 Qc7
17.Ng4 f5 18.Be5 Qb6 19.exf5 exf5 20.Qc3 fxg4 21.Bxg7 Rxd1 22.Rxd1 Ne4  0-1

[Event "Zalaegerszeg op"]
[Site "Zalaegerszeg"]
[Date "1992.??.??"]
[Round "?"]
[White "Stanke, Juergen"]
[Black "Horvath, Imre"]
[Result "1/2-1/2"]
[WhiteElo "2240"]
[BlackElo "2330"]

1.c4 c6 2.e4 d6 3.d4 e5 4.Nc3 Nf6 5.Be2 Nbd7 6.Nf3 Be7 7.O-O O-O 8.Re1 Qc7
9.Bf1 Re8 10.Rb1 a6 11.b4 b5 12.a3 exd4 13.Nxd4 Ne5 14.cxb5 cxb5 15.Bb2 Bg4
16.Qd2 Qa7 17.Kh1 Rec8 18.f3 Bd7 19.Nb3 Be6 20.Nd5 Nxd5 21.exd5 Bf5 22.Rbc1 Bh4
23.Red1 Bf6 24.Na5 Qd7 25.Rxc8+ Rxc8  1/2-1/2

[Event "Zalakaros op"]
[Site "Zalakaros"]
[Date "1992.??.??"]
[Round "5"]
[White "Deutsch, Ludwig"]
[Black "Krutti, Valer"]
[Result "0-1"]
[WhiteElo "2220"]
[BlackElo "2235"]

1.c4 c6 2.Nf3 d5 3.d4 Nf6 4.Nc3 e6 5.Bg5 Be7 6.e3 O-O 7.Be2 Nbd7 8.O-O dxc4
9.Bxc4 b5 10.Bd3 Bb7 11.e4 b4 12.Ne2 c5 13.e5 Nd5 14.Bxe7 Qxe7 15.Be4 Rac8
16.Qd2 N7b6 17.Rac1 h6 18.Ng3 Rfd8 19.Rxc5 Rxc5 20.dxc5 Qxc5 21.Bb1 Qe7 22.Qc2 g6
23.Ne4 Ba6 24.Re1 Rc8 25.Qd2 Kg7 26.Nd6 Rc7 27.h4 Nc8 28.Qd4 Kg8 29.h5 Nxd6
30.exd6 Qxd6 31.hxg6 f6 32.Be4 Kg7 33.g3 Bc8 34.Nh4 Qb6 35.Qd2 Rd7 36.Qc2 Ne7
37.Qb3 Rd2 38.Rf1 Ba6 39.Nf3 Rd7 40.Rd1 Bc8 41.Rxd7 Bxd7 42.Nh4 Qd4 43.Bd3 a5
44.a3 Qd6 45.axb4 axb4 46.Qc4 Be8 47.Bc2 f5 48.Bb3 Kf6 49.Qc1 Qe5 50.Qxh6 Qe1+
51.Kg2 Nxg6 52.f3 Qe2+ 53.Kg1 f4 54.Ng2 Qxf3 55.gxf4 Qxb3 56.Qg5+ Kg7 57.f5 exf5
58.Qxf5 Qxb2 59.Qe4 Qc1+ 60.Kf2 Qc5+ 61.Ne3 Bc6 62.Qd4+ Qxd4  0-1

[Event "Zuerich op"]
[Site "Zuerich"]
[Date "1992.??.??"]
[Round "?"]
[White "Gavrikov, Viktor"]
[Black "Domont, Alexandre"]
[Result "1-0"]
[WhiteElo "2555"]
[BlackElo "2340"]

1.c4 c6 2.e4 d5 3.exd5 cxd5 4.d4 Nf6 5.Nc3 Be6 6.c5 g6 7.Bd3 Nc6 8.Nge2 Bg7
9.Rb1 O-O 10.b4 Ne4 11.Bxe4 dxe4 12.d5 Bg4 13.Qb3 Nd4 14.Nxd4 Bxd4 15.Bh6 e6
16.Bxf8 Kxf8 17.O-O exd5 18.h3 e3 19.fxe3 Bxe3+ 20.Kh1 Bf5 21.Nxd5 Bh6 22.Rbd1 Qg5
23.Qc4 Re8 24.c6 bxc6 25.Qxc6 Be4 26.Qc5+ Kg7 27.Qc3+ Kg8 28.Nf6+  1-0

[Event "Aarhus"]
[Site "Aarhus"]
[Date "1993.??.??"]
[Round "5"]
[White "Fries Nielsen, Jens Ove"]
[Black "Hector, Jonny"]
[Result "0-1"]
[WhiteElo "2400"]
[BlackElo "2470"]

1.c4 c6 2.d4 d5 3.Nc3 e5 4.dxe5 d4 5.Ne4 Qa5+ 6.Bd2 Qxe5 7.Ng3 c5 8.Nf3 Qe7
9.e3 g5 10.Be2 g4 11.Nxd4 cxd4 12.exd4 h5 13.O-O Bg7 14.Re1 Bxd4 15.Bd3 Be6
16.Nf5 Bxf5 17.Bxf5 Be5 18.Qa4+ Nc6 19.Rxe5 Qxe5 20.Re1 Qxe1+ 21.Bxe1 Ne7
22.Bc3 Rh6 23.Qc2 Rd6 24.h3 Nd4 25.Bxd4 Rxd4 26.hxg4 hxg4 27.g3 Kf8 28.Be4 Rc8
29.b3 b6 30.Bg2 Rc5 31.Qh7 Rd1+ 32.Bf1 Ng6 33.Qh6+ Ke7 34.Kg2 Re5 35.b4 Ree1
36.Qg5+ Kf8 37.Qxg4 Rxf1 38.Qc8+ Kg7 39.Qc7 Rde1 40.c5 Rg1+ 41.Kf3 Ne5+ 42.Kf4 Rgf1
43.c6 Rxf2+ 44.Kg5 Re4  0-1

[Event "Aarhus int"]
[Site "Aarhus"]
[Date "1993.??.??"]
[Round "6"]
[White "Rasmussen, Karsten"]
[Black "Summerscale, Aaron"]
[Result "1/2-1/2"]
[WhiteElo "2440"]
[BlackElo "2345"]

1.c4 c6 2.d4 d5 3.e3 e6 4.Nf3 f5 5.Bd3 Nf6 6.O-O Bd6 7.b3 Qe7 8.a4 O-O 9.Ba3 Bxa3
10.Nxa3 Ne4 11.Ne5 Nd7 12.f4 Qb4 13.c5 Nxe5 14.fxe5 Bd7 15.Nc2 Qxb3 16.Ra3 Qb2
17.Qb1 Qxb1 18.Rxb1 Bc8 19.Bxe4 fxe4 20.a5 Rf7 21.Nb4 Kf8 22.Rab3 Rc7 23.R3b2 Ke7
24.Rf2 Bd7 25.Na2 Rf8 26.Nc3 Bc8 27.Rbf1 Rxf2 28.Rxf2 Ke8 29.h4 Re7 30.h5 Rf7
31.g4 Rxf2 32.Kxf2 g5 33.hxg6 hxg6 34.Ne2 Bd7 35.Nf4 Kf7 36.Kg3 Kg7 37.Kh4 Kh6
38.Nh3 Bc8 39.Ng5 Kg7 40.Kg3 Bd7 41.Kf4 Bc8 42.Nh3 Kh8  1/2-1/2

[Event "Mephisto-GM-Turnier"]
[Site "Altensteig"]
[Date "1993.??.??"]
[Round "6"]
[White "Stangl, Markus"]
[Black "Knaak, Rainer"]
[Result "1-0"]
[WhiteElo "2525"]
[BlackElo "2525"]

1.c4 c6 2.Nf3 d5 3.e3 Nd7 4.d4 e6 5.Bd3 Ngf6 6.O-O Ne4 7.b3 f5 8.Bb2 Be7
9.Nc3 O-O 10.Nd2 Bd6 11.g3 Ndf6 12.f3 Nxc3 13.Bxc3 Re8 14.Qc2 Qc7 15.Rf2 b6
16.b4 c5 17.dxc5 bxc5 18.Bxf6 gxf6 19.b5 Kh8 20.Re1 Bd7 21.f4 d4 22.e4 e5
23.fxe5 Bxe5 24.exf5 Bxg3 25.Rxe8+ Rxe8 26.hxg3 Qxg3+ 27.Rg2 Qe3+ 28.Rf2 Bc8
29.Nf3 Bb7 30.Be2 Qh6 31.Bf1 Re3 32.Bg2 Qf4 33.Nh2 Qg5 34.Nf1 Re7 35.Qd2 Qg4
36.Qf4 Qg8 37.Qd6 Rf7 38.Kh2 Bxg2 39.Rxg2 Qe8 40.Qxc5  1-0

[Event "Alushta3"]
[Site "Alushta"]
[Date "1993.??.??"]
[Round "?"]
[White "Dragomarezkij, Evgeni"]
[Black "Tregubov, Pavel V"]
[Result "1-0"]
[WhiteElo "2535"]
[BlackElo "2475"]

1.c4 c6 2.Nf3 d5 3.e3 Nf6 4.Nc3 Nbd7 5.d4 e6 6.Qc2 Bd6 7.b3 O-O 8.Be2 Qe7
9.O-O dxc4 10.bxc4 e5 11.a4 Re8 12.Re1 e4 13.Nd2 Nf8 14.Qb3 Ng6 15.Ba3 Bxa3
16.Qxa3 Qe6 17.a5 Qf5 18.Reb1 Nh4 19.Qd6 Qg5 20.g3 Ng6 21.a6 b6 22.Qxc6 Bd7
23.Ncxe4 Nxe4 24.Nxe4 Qe7 25.Qd6 Bf5 26.Qxe7 Rxe7 27.f3 Rd8 28.Rb3 Bxe4 29.fxe4 Rxe4
30.Rc1 Nf8 31.c5 bxc5 32.Rxc5 Re7 33.Rcb5 Rde8 34.Kf2 Ne6 35.Rb8 Kf8 36.Bf3 g6
37.Bc6 Rxb8 38.Rxb8+ Kg7 39.Rb7 Kf6 40.Bd5 Nd8 41.Rb8 Rd7 42.e4 Ke7 43.Ke3 f5
44.h4 fxe4 45.Kxe4 Rd6 46.Bb7 Rb6 47.Ra8 Nxb7 48.Rxa7 Ke6 49.Rxb7 Rxa6 50.Rxh7 Ra1
51.Rc7 Re1+ 52.Kf4 Rd1 53.Kg5 Rxd4 54.Rc6+ Kf7 55.Rf6+ Kg7 56.Rxg6+ Kh7 57.Re6 Rd5+
58.Kf4  1-0

[Event "AUT-ch"]
[Site "?"]
[Date "1993.??.??"]
[Round "4"]
[White "Casagrande, Harald"]
[Black "Lendwai, Reinhard"]
[Result "1/2-1/2"]
[WhiteElo "2395"]
[BlackElo "2425"]

1.c4 c6 2.Nf3 d5 3.cxd5 cxd5 4.d4 Nc6 5.Nc3 Nf6 6.Bf4 g6 7.h3 Bg7 8.e3 O-O
9.Bd3 a6 10.O-O b5 11.Rc1 Bb7 12.Nd2 Nd7 13.Nxd5 e5 14.dxe5 Ndxe5 15.Be4 f5
16.Bf3 Rf7 17.Bxe5 Nxe5 18.Nc3 Bxf3 19.Nxf3 Qxd1 20.Rfxd1 Nxf3+ 21.gxf3 Rc7
22.a3 Rac8 23.Rd6 a5 24.Rb6 Bxc3 25.Rxc3 Rxc3 26.bxc3 Rxc3 27.Rxb5 Rxa3 28.Kg2 a4
29.Rb7 Rb3 30.Ra7 Rb4 31.f4 h6 32.h4 h5 33.Kf3 Kf8 34.Ke2 Rb2+ 35.Kf1  1/2-1/2

[Event "AUT-chT"]
[Site "?"]
[Date "1993.??.??"]
[Round "?"]
[White "Stohl, Igor"]
[Black "Blatny, Pavel"]
[Result "1-0"]
[WhiteElo "2540"]
[BlackElo "2505"]

1.c4 c6 2.e4 d5 3.cxd5 cxd5 4.exd5 Nf6 5.Bb5+ Bd7 6.Bc4 b5 7.Bb3 Na6 8.Nf3 Nb4
9.Ne5 Nbxd5 10.Nc3 e6 11.O-O Nc7 12.d4 Be7 13.d5 b4 14.Nxd7 bxc3 15.dxe6 Nxe6
16.Ne5 Qd6 17.Qf3 Rb8 18.Re1 O-O 19.bxc3 Qa6 20.Bc4 Qa4 21.Qc6 Qc2 22.Bd3  1-0

[Event "AUT-chT"]
[Site "?"]
[Date "1993.??.??"]
[Round "?"]
[White "Titz, Heimo"]
[Black "Thallinger, Guenther"]
[Result "1/2-1/2"]
[WhiteElo "2325"]
[BlackElo "2195"]

1.c4 c6 2.d4 d5 3.Nf3 Nf6 4.Nc3 dxc4 5.a4 Bf5 6.e3 e6 7.Bxc4 Bb4 8.O-O O-O
9.Nh4 Bg4 10.f3 Bh5 11.g4 Bg6 12.Qb3 Qe7 13.e4 Nbd7 14.Nxg6 hxg6 15.Bg5 e5
16.d5 Nb6 17.Kg2 Qc5 18.Na2 cxd5 19.Bxd5 Nfxd5  1/2-1/2

[Event "AUT-chT"]
[Site "?"]
[Date "1993.??.??"]
[Round "?"]
[White "Duer, Arne"]
[Black "Barbero, Gerardo F"]
[Result "1/2-1/2"]
[WhiteElo "2390"]
[BlackElo "2480"]

1.c4 c6 2.d4 d5 3.Nf3 Nf6 4.e3 g6 5.Nc3 Bg7 6.Bd3 O-O 7.O-O Bg4 8.h3 Bxf3
9.Qxf3 e6 10.Rd1 Nbd7 11.Bf1 Re8 12.Qe2 a6 13.Bd2 Nb6 14.b3 e5 15.dxe5 Rxe5
16.Be1 Qe7 17.Rac1 Re8 18.a4 dxc4 19.bxc4 Nbd7 20.Rb1 Nc5 21.Qc2 h5 22.Ne2 h4
23.Bb4 Nfe4 24.Nc3 Nxc3 25.Bxc3 Rf5 26.Bb4 Qc7 27.Bd3 Rh5 28.Be2 Rhe5 29.Bf3 f5
30.Rd2 a5 31.Ba3 Qf7 32.Rbd1 Bf8 33.Bb2 R5e6 34.Rd4 Be7 35.Bc3 Bf6 36.Rf4 Bxc3
37.Qxc3 g5 38.Rfd4 Re5 39.Rd8 Kh7 40.Rxe8 Qxe8 41.Qxa5 Qe7 42.Qa8 Qg7 43.Qc8 Re6
44.Qd8 Re7 45.a5 Rd7 46.Qe8 Rxd1+ 47.Bxd1 Qf6 48.Bc2 Kg7 49.Qh5 Qa1+ 50.Kh2 Ne6
51.Qf3 Qe5+ 52.g3 Kf6 53.Kg2 hxg3 54.Qxg3 Qc3 55.Bxf5 Qxc4 56.Bxe6 Qxe6 57.Qf3+ Kg6
58.Qg4 Qd5+ 59.e4 Qxa5 60.Qe6+ Kg7 61.Qe7+ Kg6 62.Qxb7 Qa4 63.Qe7 Qb5 64.Qd6+ Kf7
65.Kg3 Qf1 66.Qd7+ Kf8 67.Qxc6 Qg1+ 68.Kf3 Qh1+ 69.Ke2 Qxh3 70.Qf6+ Ke8 71.Qxg5 Qb3
72.Qe5+ Kf8 73.Qd6+ Ke8 74.f3 Qc2+ 75.Qd2 Qc5 76.Qd3 Qg1 77.Qb5+ Kd8 78.Qa5+ Ke8
79.Kd3 Qf1+ 80.Ke3 Qg1+ 81.Kf4 Qh2+ 82.Ke3 Qg1+ 83.Kf4 Qh2+ 84.Kg5 Qg3+ 85.Kf6 Qxf3+
86.Qf5 Qc3+ 87.e5 Kd8 88.Qe4 Qc6+ 89.Kf5 Qxe4+ 90.Kxe4  1/2-1/2

[Event "AUT-chT"]
[Site "?"]
[Date "1993.??.??"]
[Round "?"]
[White "Wiedner, Robert"]
[Black "Koenig, Dietrich"]
[Result "1-0"]
[WhiteElo "2270"]
[BlackElo "2275"]

1.c4 c6 2.b3 d5 3.Bb2 Nf6 4.Nf3 Bf5 5.e3 e6 6.Be2 h6 7.Nc3 Bd6 8.h3 Qe7 9.Rc1 O-O
10.O-O Nbd7 11.cxd5 exd5 12.d3 Rad8 13.Qd2 Rfe8 14.Na4 Nf8 15.Rc2 N8h7 16.Bd4 Bb8
17.Rfc1 Ng5 18.Nc5 Bc8 19.b4 Nxf3+ 20.Bxf3 Nh7 21.Qd1 Qc7 22.Kf1 Qh2 23.Ke2 Ng5
24.Qh1 Qf4 25.Kf1 Qh4 26.Bd1 Re7 27.Nb3 Rde8 28.Be2 Bd6 29.a3 a6 30.Nd2 Bf5
31.Rc3 Be5 32.Bxe5 Rxe5 33.d4 R5e7 34.Nf3 Nxf3 35.Bxf3 Be4 36.Bxe4 Rxe4 37.g3 Qf6
38.Kg2 h5 39.Qd1 h4 40.g4 Qg5 41.Qd2 f5 42.f4 Qe7 43.Kf3 g5 44.Rg1 gxf4 45.gxf5+ Kh7
46.exf4 Rxd4 47.Qc2 Re4 48.Rg6 d4 49.Rd3 Re3+ 50.Kg4 Qe4 51.Qf2 Rg3+ 52.Rxg3 hxg3
53.Qxg3 Qe1 54.Qb3 Qe2+ 55.Kg5 Qg2+ 56.Kf6 Qd5 57.Qxd5 cxd5 58.Rg7+ Kh8 59.Rd7 Re3
60.Rxd5 Rxa3 61.Kf7 Rxh3 62.Rxd4 Re3 63.f6 Rc3 64.f5 Rc7+ 65.Kg6  1-0

[Event "Mitropa Cup"]
[Site "Bad Woerishofen"]
[Date "1993.??.??"]
[Round "?"]
[White "Osterman, Rudolf"]
[Black "Iannacone, Ernesto"]
[Result "0-1"]
[WhiteElo "2415"]
[BlackElo "2385"]

1.c4 c6 2.Nf3 Nf6 3.d4 d5 4.Qc2 g6 5.Bf4 Bg7 6.e3 O-O 7.Nc3 Na6 8.Be2 c5
9.O-O cxd4 10.Nxd4 dxc4 11.Qa4 Bd7 12.Qxc4 Rc8 13.Qb3 Nc5 14.Qa3 Qb6 15.Rfd1 Rfe8
16.Be5 Nce4 17.Nxe4 Nxe4 18.Bxg7 Kxg7 19.Bf3 Nf6 20.Rd2 e5 21.Nb3 Be6 22.Rd6 Qc7
23.h3 Qe7 24.Rad1 b6 25.Bc6 Rf8 26.Nc1 Rc7 27.Qa4 Rfc8 28.b4 Nd5 29.Rxe6 fxe6
30.Bxd5 exd5 31.Nd3 g5 32.b5 Rc4 33.Qb3 e4 34.Qb2+ Qf6 35.Ne5 Rc2  0-1

[Event "Badalona op"]
[Site "Badalona"]
[Date "1993.??.??"]
[Round "8"]
[White "Suba, Mihai"]
[Black "Semkov, Semko"]
[Result "1/2-1/2"]
[WhiteElo "2520"]
[BlackElo "2465"]

1.c4 c6 2.e4 d5 3.exd5 cxd5 4.d4 Nf6 5.Nc3 e6 6.Nf3 Bb4 7.cxd5 Nxd5 8.Bd2 Nc6
9.Bd3 Be7 10.O-O O-O 11.Bb1 Bf6 12.Be3 Nxc3 13.bxc3 b6 14.Nd2 Bb7 15.Ne4 Be7
16.Qh5 f5 17.Ng5 Bxg5 18.Bxg5 Qd5 19.Qh3 h6 20.Bf4 Rf6 21.a4 Na5 22.Ba2 Nc4
23.Rfe1 Rc8 24.Re3 Rg6 25.Rg3 Rxg3 26.Qxg3 Kh7 27.h4  1/2-1/2

[Event "Baden-Baden op"]
[Site "Baden-Baden"]
[Date "1993.??.??"]
[Round "5"]
[White "Freckmann, Mark"]
[Black "Bohnstorff, Michael"]
[Result "1-0"]
[WhiteElo "2280"]
[BlackElo "2250"]

1.c4 c6 2.Nf3 Nf6 3.g3 d5 4.b3 Bf5 5.d3 e6 6.Bb2 Nbd7 7.Bg2 Be7 8.O-O Qc7
9.Nbd2 Bg4 10.Qc2 O-O 11.e4 dxe4 12.dxe4 e5 13.h3 Bh5 14.Nh4 Ne8 15.Nf5 Bc5
16.g4 Bg6 17.Nf3 Bxf5 18.exf5 f6 19.a3 a5 20.Bc3 b6 21.b4 axb4 22.axb4 Rxa1
23.Rxa1 Be7 24.Nd2 Nd6 25.Qa2 Kh8 26.Qa7 Qc8 27.Qa4 Nb8 28.Qb3 Rd8 29.Ra7 Bf8
30.Qa2 g6 31.fxg6 hxg6 32.Qc2  1-0